000 00519nam a2200181Ia 4500
999 _c34490
_d34490
003 OSt
005 20200908130848.0
008 190216s9999||||xx |||||||||||||| ||und||
020 _a9788126508297
040 _coclc
082 _a539.7
_bLIL/N
100 _aLilley, John
_94498
245 0 _aNuclear Physics Principles And Applications /
_cJohn Lilley
260 _bWiley Students,
_c2007.
_aNew Delhi:
300 _a393p
650 _aPhysics
942 _cBK
_2ddc
_h539.7
_iLIL/N
_k539.7
_mLIL/N